[Event "Budapest FS12 FM-A"]
[Site "Budapest"]
[Date "2015.12.12"]
[Round "7"]
[White "Bensaid, Simon"]
[Black "Fournier, Dimitri"]
[Result "0-1"]
[WhiteElo "1804"]
[BlackElo "2017"]
[PlyCount "74"]
[EventDate "2015.12.05"]
[EventType "tourn"]
[EventRounds "10"]
[EventCountry "HUN"]
[SourceTitle "EXT 2017"]
[Source "ChessBase"]
[SourceDate "2016.10.25"]
[SourceVersion "1"]
[SourceVersionDate "2016.10.25"]
[SourceQuality "1"]

1. e4 d5 2. exd5 Qxd5 3. Nf3 Bg4 4. Be2 Nc6 5. d4 0-0-0 6. Be3 e6 7. Nbd2 Nf6 8. c4 Qf5 9. a3 Bd6 10. h3 Bxf3 11. Bxf3 Bf4 12. g4 Qd3 13. Be2 Qg6 14. Bxf4 Nxd4 15. Qb1 Nc2+ 16. Kd1 Nxa1 17. Qxg6 hxg6 18. Kc1 Rd7 19. g5 Nh5 20. Be3 Rhd8 21. Rd1 Rxd2 22. Bxd2 Nb3+ 23. Kc2 Nd4+ 24. Kd3 Nf3+ 25. Kc2 Nxd2 26. Rxd2 Rxd2+ 27. Kxd2 Kd7 28. Ke3 Kd6 29. b4 c5 30. bxc5+ Kxc5 31. Ke4 Kd6 32. h4 b6 33. Bd1 f5+ 34. Ke3 e5 35. f3 Nf4 36. Bc2 Kc5 37. Ba4 Kxc4 0-1

[Event "Budapest FS12 FM-A"]
[Site "Budapest"]
[Date "2015.12.05"]
[Round "1"]
[White "Fournier, Dimitri"]
[Black "Gara, Gyorgy"]
[Result "1/2-1/2"]
[WhiteElo "2017"]
[BlackElo "2099"]
[PlyCount "76"]
[EventDate "2015.12.05"]
[EventType "tourn"]
[EventRounds "10"]
[EventCountry "HUN"]
[SourceTitle "EXT 2017"]
[Source "ChessBase"]
[SourceDate "2016.10.25"]
[SourceVersion "1"]
[SourceVersionDate "2016.10.25"]
[SourceQuality "1"]

1. e4 e6 2. d4 d5 3. e5 c5 4. c3 Nc6 5. Nf3 Qc7 6. a3 a5 7. Bd3 c4 8. Bc2 b5 9. b3 cxb3 10. Bxb3 Ba6 11. 0-0 Nge7 12. Re1 Ng6 13. Bg5 h6 14. Be3 Be7 15. Bc2 Nf8 16. Nbd2 Nd7 17. Nf1 Nb6 18. N3d2 Kd7 19. Bd3 Rhb8 20. Qh5 Nd8 21. Rec1 Na4 22. Nb1 Nb2 23. Bc2 Bf8 24. f4 g6 25. Qh3 Nc6 26. g4 b4 27. f5 gxf5 28. gxf5 b3 29. fxe6+ fxe6 30. Bg6 Qd8 31. Nbd2 Nc4 32. Rd1 a4 33. Ne4 Kc7 34. Qxe6 dxe4 35. d5 N6xe5 36. Bf4 Bd6 37. Rd4 Nf3+ 38. Kh1 Nxd4 1/2-1/2

[Event "Paris-ch op-B 87th"]
[Site "Paris"]
[Date "2012.07.11"]
[Round "5"]
[White "Fournier, Dimitri"]
[Black "Bonvalot, Isabelle"]
[Result "1-0"]
[WhiteElo "1995"]
[BlackElo "1935"]
[PlyCount "79"]
[EventDate "2012.07.07"]
[EventType "swiss"]
[EventRounds "9"]
[EventCountry "FRA"]
[SourceTitle "EXT 2013"]
[Source "ChessBase"]
[SourceDate "2012.11.22"]
[SourceVersion "1"]
[SourceVersionDate "2012.11.22"]
[SourceQuality "1"]

1. e4 g6 2. d4 Bg7 3. Nc3 d6 4. g3 Nd7 5. Bg2 e5 6. Nge2 Ngf6 7. 0-0 0-0 8. h3 c6 9. Be3 Re8 10. d5 Nb6 11. b3 cxd5 12. Bxb6 Qxb6 13. Nxd5 Nxd5 14. Qxd5 Be6 15. Qd2 Rac8 16. c4 f5 17. Rad1 Rcd8 18. exf5 gxf5 19. Bd5 Kh8 20. Nc3 e4 21. Bxe6 Rxe6 22. Nd5 Qc5 23. Qg5 Rf8 24. Nf4 Bh6 25. Nxe6 Bxg5 26. Nxc5 dxc5 27. Rd7 f4 28. gxf4 Bxf4 29. Re1 Re8 30. Rxb7 a5 31. Ra7 e3 32. fxe3 Bxe3+ 33. Kg2 Rg8+ 34. Kf3 Bd4 35. Ree7 Rf8+ 36. Ke4 Bc3 37. Rxh7+ Kg8 38. Rhd7 Re8+ 39. Kd5 Bb4 40. h4 1-0

[Event "FRA-ch U16"]
[Site "Calvi"]
[Date "2005.04.17"]
[Round "1"]
[White "Heinz, Timothee"]
[Black "Fournier, Dimitri"]
[Result "1-0"]
[WhiteElo "2231"]
[BlackElo "1900"]
[PlyCount "59"]
[EventDate "2005.04.??"]
[EventType "swiss"]
[EventRounds "9"]
[EventCountry "FRA"]
[SourceTitle "EXT 2006"]
[Source "ChessBase"]
[SourceDate "2005.11.24"]
[SourceVersion "1"]
[SourceVersionDate "2005.11.24"]
[SourceQuality "1"]

1. e4 e6 2. d4 d5 3. e5 c5 4. c3 Nc6 5. Nf3 Qb6 6. a3 cxd4 7. cxd4 Bd7 8. Be2 Nge7 9. b4 Nf5 10. Bb2 a6 11. g4 Nfe7 12. Nc3 h5 13. Na4 Qc7 14. gxh5 Rxh5 15. Nc5 a5 16. Nxd7 Qxd7 17. b5 Nd8 18. a4 b6 19. Ba3 Rc8 20. 0-0 Rc3 21. Qd2 Rc8 22. Rac1 Ng6 23. Bxf8 Nxf8 24. Rxc8 Qxc8 25. Rc1 Qb8 26. Rc3 Nd7 27. Qc1 Rf5 28. Nh4 g6 29. Nxf5 gxf5 30. h4 1-0